000 01123nam a2200265Ia 4500
003 OSt
005 20220923211312.0
006 a|||||r|||| 00| 0
007 ta
008 220922b |||||||| |||| 00| 0 hin d
020 _a9788179759516 (hbk)
_c900
024 _a348,151
037 _b235, 14/01/2019, Eastern Book Linkers
_cTextual
040 _aARTS
_cARTS
_bhin
041 _2hin
_ahin
082 _aQ4wD82, 152Q9
100 _aसिंह, शिव शंकर, ले.
245 0 _aविक्रमशिला बौद्ध महाविहार के महान् आचार्य दीपंकर श्रीज्ञान अतिश
246 _aVikramashilā bauddha hināvihār ke hinān āchārya dīpankar shrījnyān atisha
260 _aनयी दिल्ली
_b अनामिका पब्लिर्शस
_c2019
300 _a315पृ.
_ccm.
650 _aबौद्ध धर्म
942 _hQ4wD82, 152Q9
_cTEXL
_2CC
999 _c298277
_d298277